How to study literature : (Record no. 36222)

MARC details
000 -LEADER
fixed length control field 00885nam a22002417a 4500
005 - DATE AND TIME OF LATEST TRANSACTION
control field 20100519150631.0
008 - FIXED-LENGTH DATA ELEMENTS--GENERAL INFORMATION
fixed length control field 100519t xxu||||| |||| 00| 0 eng d
010 ## - LCCN (DPL NO)
LC control number ENG-96138
020 ## - INTERNATIONAL STANDARD BOOK NUMBER
International Standard Book Number 9788120340619
Terms of availability 225.00
035 ## - SYSTEM CONTROL NUMBER
System control number EN-79671
037 ## - SOURCE OF ACQUISITION
Source of stock number/acquisition DBAD / PUB
040 ## - CATALOGING SOURCE
Original cataloging agency DPL
082 ## - DEWEY DECIMAL CLASSIFICATION NUMBER
Classification number 880.8
100 ## - MAIN ENTRY--PERSONAL NAME
Personal name Nozar Niazi
245 ## - TITLE STATEMENT
Title How to study literature :
Statement of responsibility, etc by Nozar Niazi [and] Rama Gautam
Remainder of title stylistic and pragmatic approaches /
260 ## - PUBLICATION, DISTRIBUTION, ETC. (IMPRINT)
Place of publication, distribution, etc New Delhi
Name of publisher, distributor, etc PHI Learning
Date of publication, distribution, etc 2010
270 ## - ADDRESS
City New Delhi
Postal code 110001
Address M-97, Connaught Circus
300 ## - PHYSICAL DESCRIPTION
Extent xii, 304p.
Dimensions 22 cm. (pbk)
500 ## - GENERAL NOTE
General note includes bibliographical references and index
700 ## - ADDED ENTRY--PERSONAL NAME
Personal name Gautam, Rama
942 ## - ADDED ENTRY ELEMENTS (KOHA)
Source of classification or shelving scheme Dewey Decimal Classification
Item type English Books
Call number suffix NOZ
Classification part 880.8
Holdings
Withdrawn status Lost status Source of classification or shelving scheme Materials specified (bound volume or other part) Damaged status Not for loan Collection code Home library Current library Date acquired Source of acquisition Cost, normal purchase price Total Checkouts Full call number Barcode Date last seen Copy number Cost, replacement price Koha item type
    Dewey Decimal Classification Pbk   Not For Loan Non-fiction D.B.Act.Division D.B.Act.Division 13/04/2010 DBAD / PUB 225.00   NOZ EN-79671 19/05/2010 1 225.00 English Books

© Delhi Public Library
Hit Counter
free hit counter